<?xml version="1.0" encoding="UTF-8"?>
<marc:record xmlns:marc="http://www.loc.gov/MARC21/slim">
   <marc:leader>00000nam a2200000 a 4500</marc:leader>
   <marc:datafield ind1="1" ind2=" " tag="100">
      <marc:subfield code="a">Mangold, Erni</marc:subfield>
      <marc:subfield code="4">ctb</marc:subfield>
      <marc:subfield code="e">Mitwirkende/-r</marc:subfield>
   </marc:datafield>
   <marc:datafield ind1="1" ind2=" " tag="100">
      <marc:subfield code="a">Priesching, Doris</marc:subfield>
      <marc:subfield code="4">ctb</marc:subfield>
      <marc:subfield code="e">Mitwirkende/-r</marc:subfield>
   </marc:datafield>
   <marc:datafield ind1=" " ind2=" " tag="653">
      <marc:subfield code="a">Mangold</marc:subfield>
   </marc:datafield>
   <marc:datafield ind1=" " ind2=" " tag="653">
      <marc:subfield code="a">Erni</marc:subfield>
   </marc:datafield>
   <marc:datafield ind1=" " ind2=" " tag="653">
      <marc:subfield code="a">Autobiographie</marc:subfield>
   </marc:datafield>
   <marc:datafield ind1=" " ind2=" " tag="653">
      <marc:subfield code="a">Kassette / Sachbücher/Musik</marc:subfield>
   </marc:datafield>
   <marc:datafield ind1=" " ind2=" " tag="653">
      <marc:subfield code="a">Film</marc:subfield>
   </marc:datafield>
   <marc:datafield ind1=" " ind2=" " tag="653">
      <marc:subfield code="a">Theater/Biographien</marc:subfield>
   </marc:datafield>
   <marc:datafield ind1=" " ind2=" " tag="653">
      <marc:subfield code="a">Autobiographien</marc:subfield>
   </marc:datafield>
   <marc:datafield ind1=" " ind2=" " tag="653">
      <marc:subfield code="a">CD</marc:subfield>
   </marc:datafield>
   <marc:datafield ind1=" " ind2=" " tag="653">
      <marc:subfield code="a">Autobiografie</marc:subfield>
   </marc:datafield>
   <marc:datafield ind1="0" ind2="0" tag="245">
      <marc:subfield code="a">Lassen Sie mich in Ruhe</marc:subfield>
   </marc:datafield>
   <marc:datafield ind1="0" ind2="0" tag="245">
      <marc:subfield code="b">Erinnerungen ; gekürzte Lesung</marc:subfield>
   </marc:datafield>
   <marc:datafield ind1="0" ind2="0" tag="245">
      <marc:subfield code="c">Erni Mangold. Aufgezeichnet von Doris Priesching</marc:subfield>
   </marc:datafield>
   <marc:datafield ind1=" " ind2="1" tag="264">
      <marc:subfield code="a">Wien</marc:subfield>
      <marc:subfield code="b">Ed.-o</marc:subfield>
      <marc:subfield code="c">2012</marc:subfield>
   </marc:datafield>
   <marc:datafield ind1="1" ind2=" " tag="520">
      <marc:subfield code="a">Angaben aus der Verlagsmeldung

Lassen Sie mich in Ruhe : Erinnerungen / von Erni Mangold

Erni Mangold ist dagegen. Das war sie immer schon. Gegen Männer, die Frauen als Freiwild betrachten, gegen hochmütige Professoren und alle, die sie in eine Schublade stecken wollen. Gegen Konventionen und verlogene Moral. Gegen Schminke und Büstenhalter.
Sie kam im Wirtshaus zur Welt und genoss die Freiheit im zerbombten Wien an der Seite Helmut Qualtingers. Als „Sexerl“ im Theater an der Josefstadt ging sie in – mitunter handgreiflichen – Widerstand vor männlichen Verfolgern. Die Rolle der braven Ehefrau gelang nur auf Zeit. Als Professorin am Reinhardt-Seminar setzte sie sich gegen rücksichtsloses Machtdenken durch.
Viele Zeitgenossen erkannten die Qualität ihres Widerstandes. Gustaf Gründgens, Karl-Heinz Stroux, Rainer Werner Fassbinder, Erich Neuberg, Peter Patzak, Werner Schwab, Xaver Schwarzenberger gehörten dazu.
Von ihnen und all den anderen erzählt Erni Mangold in diesem Buch. Und von ihrer Liebe. Zu Wasser und Wein, zu Bäumen und Tieren, zu schweren Hanteln und zu den ehrlichen Waldviertlern.
Sie besteht darauf, sich nicht anzupassen und ist gewohnt, anzuecken. Erni Mangold ist dagegen.
</marc:subfield>
   </marc:datafield>
   <marc:datafield ind1=" " ind2=" " tag="020">
      <marc:subfield code="a">9783990220429</marc:subfield>
      <marc:subfield code="9">9783990220429</marc:subfield>
   </marc:datafield>
   <marc:datafield ind1=" " ind2=" " tag="041">
      <marc:subfield code="a">ger</marc:subfield>
   </marc:datafield>
   <marc:datafield ind1=" " ind2=" " tag="300">
      <marc:subfield code="a">3 CDs (159 Min.)</marc:subfield>
   </marc:datafield>
</marc:record>
